000 004380000a22001690004500
003 MACL
005 20151229170457.0
008 151229b xxu||||| |||| 00| 0 eng d
040 _aMACL
_cMACL
041 _aEnglish
082 _a193.2/KAN
100 _aKant, Immanuel
_924351
245 _aPerpetual Peace
_bA Philosophy of essay
260 _bSwan Sonnenschein & Co
_c1903
650 _aPhilosophy
_924352
942 _cBK
_k193.2/KAN
_2ddc
999 _c38090
_d38090